evaluating on paddy quality from different drying method (វាយតំលៃគុណភាពគ្រាប់ស្រូវដែលបានមកពីវិធីសាស្រ្ត សំងួតផ្សេងៗគ្នា) (Record no. 4209)

000 -LEADER
fixed length control field 00603nam a22001577a 4500
003 - CONTROL NUMBER IDENTIFIER
control field OSt
005 - DATE AND TIME OF LATEST TRANSACTION
control field 20151208102851.0
008 - FIXED-LENGTH DATA ELEMENTS--GENERAL INFORMATION
fixed length control field 151208b xxu||||| |||| 00| 0 eng d
040 ## - CATALOGING SOURCE
Transcribing agency RUA
082 ## - DEWEY DECIMAL CLASSIFICATION NUMBER
Classification number ATM LOE 2004 B193 Or.1
100 ## - MAIN ENTRY--PERSONAL NAME
9 (RLIN) 4518
Personal name LOEUNG, VUTHA.
245 ## - TITLE STATEMENT
Title evaluating on paddy quality from different drying method (វាយតំលៃគុណភាពគ្រាប់ស្រូវដែលបានមកពីវិធីសាស្រ្ត សំងួតផ្សេងៗគ្នា)
260 ## - PUBLICATION, DISTRIBUTION, ETC. (IMPRINT)
Place of publication, distribution, etc. Phnom Penh
Name of publisher, distributor, etc. RUA
Date of publication, distribution, etc. 2004
300 ## - PHYSICAL DESCRIPTION
Extent ix,44.
Other physical details ill.
Dimensions 29cm.
942 ## - ADDED ENTRY ELEMENTS (KOHA)
Source of classification or shelving scheme
Koha item type ATM
Holdings
Price effective from Date last seen Permanent Location Not for loan Date acquired Source of classification or shelving scheme Koha item type Lost status Withdrawn status Total Renewals Date last checked out Total Checkouts Shelving location Damaged status Barcode Current Location Full call number
2015-12-082018-11-13Library Block B 2015-12-08 ATM   2018-11-052B193 RUA039089Library Block BATM LOE 2004 B193 Or.1
2015-12-082019-12-23Library Block B 2015-12-08 ATM   2019-12-071B193 RUA038364Library Block BATM LOE 2004 B193 Or.2
2015-12-082019-01-02Library Block B 2015-12-08 ATM  12018-11-022B193 RUA039240Library Block BATM LOE 2004 B193 Or.3
2015-12-082018-11-13Library Block B 2015-12-08 ATM  12018-11-133B193 RUA038423Library Block BATM LOE 2004 B193 Or.4
2015-12-082016-05-26Library Block B 2015-12-08 ATM   2016-05-053B193 RUA038908Library Block BATM LOE 2004 B193 Or.5
មជ្ឈមណ្ឌលឯការនៃសាកលវិទ្យាល័យភូមិន្ទកសិកម្មចំការដូង

Powered by Koha